Biggest cities in Montenegro - Statistics

General Stats
  • This quiz has been taken 136 times
  • The average score is 7 of 10
Answer Stats
Population City/Town % Correct
1 195 718 Podgorica
100%
4 43 522 Bar
81%
9 22 634 Kotor
80%
2 70 596 Nikšić
80%
10 20 575 Budva
79%
5 30 690 Herceg Novi
71%
7 27 513 Berane
57%
3 44 012 Bijelo Polje
54%
6 28 586 Pljevlja
54%
8 23 180 Rožaje
37%
No matching quizzes found
Score Distribution
Percent of People with Each Score
Percentile by Number Answered
Your Score History
You have not taken this quiz